000 00969nam0a22002651 4500
001 rc\683333
005 20031121170020.5
035 _a(NLR Aleph) 005920495
090 _a6471944
_c6471944
100 _a20031121d1985 u |0rusy50 ca
101 0 _arus
102 _aRU
105 _aa |||||||||
200 1 _aПрименение скользящего метода для нахождения собственных частот и форм колебаний опоры ветрового двигателя
210 _aНовосибирск
_cВЦ СО АН СССР
_d1985
215 _a17 с.
_cграф.
_d20
225 1 _aПрепринт
_fАН СССР. Сиб. отд-ние, ВЦ
_v581
320 _aБиблиогр.: с. 17
700 1 _aАукенов
_bБ. М.
_gБолаг Майжанович
701 1 _aДемидов
_bГ. В.
801 0 _aRU
_bNLR
_gpsbo
801 1 _aRU
_bELAR
_2rusmarc
852 _aNLR
_j86-4/111
942 _cBOOK
980 _aNB